[Event "TUR-chT2"]
[Site "Konya"]
[Date "2018.07.11"]
[Round "3.15"]
[White "Aydogan, Kubilay"]
[Black "Baspinar, Mehmet"]
[Result "1/2-1/2"]
[WhiteElo "1647"]
[BlackElo "1487"]
[PlyCount "100"]
[EventDate "2018.07.10"]
[EventType "team-swiss"]
[EventRounds "9"]
[EventCountry "TUR"]
[SourceTitle "EXT 2019"]
[Source "ChessBase"]
[SourceDate "2018.10.10"]
[SourceVersion "1"]
[SourceVersionDate "2018.10.10"]
[SourceQuality "1"]
[WhiteTeam "Samsun Genclik"]
[BlackTeam "Erdem Kultur Egitim"]
[WhiteTeamCountry "TUR"]
[BlackTeamCountry "TUR"]

1. Nf3 Nf6 2. d4 g6 3. Nc3 d6 4. h3 Bg7 5. Bg5 Nbd7 6. e4 b6 7. Be2 Bb7 8. e5 dxe5 9. dxe5 Ne4 10. Nxe4 Bxe4 11. Bf4 0-0 12. 0-0 Nc5 13. Nd2 Qd5 14. Bc4 Qb7 15. f3 Bd5 16. Qe2 Ne6 17. Bg3 b5 18. Bxd5 Qxd5 19. Nb3 a5 20. Rad1 Qb7 21. Nd4 Qb6 22. Bf2 Nxd4 23. Rxd4 Qe6 24. f4 f6 25. b3 fxe5 26. fxe5 Rf5 27. Qxb5 Bxe5 28. Qc4 Qxc4 29. Rxc4 Raf8 30. Re4 Bd6 31. Re2 h5 32. c4 g5 33. Rfe1 c5 34. Rd1 g4 35. hxg4 hxg4 36. g3 Rf3 37. Kg2 R8f5 38. Rdd2 a4 39. bxa4 Ra3 40. Re4 Rg5 41. Rd5 Rg6 42. Rd2 Rxa4 43. Rb2 Kh7 44. Be3 Ra3 45. Bf4 Ra4 46. Bxd6 exd6 47. Re7+ Kh6 48. Kg1 Ra3 49. Kg2 Ra4 50. Kg1 Ra3 1/2-1/2